| 000 | 00423nam a2200181Ia 4500 | ||
|---|---|---|---|
| 008 | 170705s9999 xx 000 0 und d | ||
| 020 | _a9780516237596 | ||
| 245 | _aEndangered animals / | ||
| 245 | _cLynn M. Stone. | ||
| 260 | _aNew York : | ||
| 260 | _bScholastic, | ||
| 260 | _c1984 | ||
| 300 | _a45 pages : | ||
| 300 | _bcolor illustration ; | ||
| 300 | _c21cm. | ||
| 440 | _aA new true book. | ||
| 500 | _a620 | ||
| 999 |
_c336847 _d336847 |
||